000 00319nam a2200121Ia 4500
008 230411s9999 xx 000 0 und d
041 _aeng
082 _aB/612.015/INA/B00070
100 _aInamdar Madhuri
245 _aChemistry for Nurses
260 _bVora Medical Publications
_aMumbai
_c2001
999 _c151594
_d151594